[Event "Gaprindashvili Cup Open II Stage 2020"]
[Site "Online"]
[Date "2020.11.08"]
[Round "7.10"]
[White "Chighladze, Iveri"]
[Black "Mindiashvili, Tengiz"]
[Result "1-0"]
[WhiteElo "2335"]
[BlackElo "1923"]
[Annotator "TA"]
[PlyCount "69"]
[EventDate "2020.11.04"]
[EventType "swiss"]
[SourceTitle "playchess.com"]
[Source "ChessBase"]
[SourceQuality "1"]

{[%evp 14,69,24,18,15,15,16,35,41,31,71,95,77,77,69,34,45,17,36,35,36,33,27,39,80,-4,160,47,48,18,13,8,34,15,75,81,106,106,123,107,202,93,295,288,259,74,141,154,162,90,211,92,168,62,599,595,5239,5147]} 1. d4 Nf6 2. c4 e6 3. Nc3 Bb4 4. Qc2 O-O 5. a3 Bxc3+ 6. Qxc3 b5 7. cxb5 c6 8. Bg5 h6 {E32: Nimzo-Indian: Classical (4 Qc2): 4...0-0.} 9. Bh4 cxb5 10. e3 Bb7 {White is slightly better.} 11. f3 g5 {[#]} 12. Bg3 $146 ({Predecessor:} 12. Bf2 Nd5 13. Qd2 f5 14. Bd3 Nc6 15. Rd1 Na5 16. Bxb5 Qb6 17. Bd3 Nb3 18. Qe2 {0-1 (35) Thingstad,E (2141)-Montero Melendez,R (2261) Caleta 2010}) 12... Nd5 13. Qd2 f5 14. Ne2 Nc6 15. Nc3 Nxc3 16. bxc3 Na5 $1 {[%cal Ra5b3]} 17. Rb1 a6 18. Bd3 Qe7 19. c4 (19. h4 $16) 19... Nc6 $2 ({Better is} 19... Qxa3 $11 20. cxb5 axb5) 20. d5 ({Don't take} 20. cxb5 $6 axb5 21. O-O (21. Rxb5 Ba6 $14) (21. Bxb5 Rxa3 22. O-O Na7 $16) 21... Rxa3 $16) (20. h4 $16) 20... exd5 $14 21. cxd5 Ne5 22. O-O Nxd3 23. Qxd3 Qf7 (23... Rae8 $11 {remains equal.}) 24. e4 $36 {[%mdl 2048] White is really pushing.} fxe4 25. fxe4 Qg6 26. Qd4 Rac8 (26... h5 $16 27. a4 Rae8) 27. h3 (27. Qa7 $18 {is more deadly.} Ba8 28. Rbe1 (28. Qxd7 Qxe4 29. Rxf8+ Rxf8 $11)) 27... Rce8 $2 (27... h5 $16) 28. Rxf8+ $1 $18 Rxf8 29. Kh2 $2 (29. Rc1 $1 $18) 29... Re8 (29... h5 $142) 30. Re1 $16 h5 31. e5 $1 {Hoping for Rf1.} h4 {[#]} (31... Qg7 $16 {was necessary.}) 32. Bf2 (32. Bxh4 $1 $18 {[%mdl 512] Black must now prevent Re4.} Qf5 (32... gxh4 33. Re4) 33. Bg3) 32... Qf5 (32... Qg7 $16 {was worth a try.}) 33. Kg1 (33. Bxh4 $18 {Strongly threatening Bg3.} gxh4 34. Re4 Bxd5 35. Rg4+ (35. Qxd5+ Re6 $16) 35... Kh7 36. e6) 33... Qf4 $2 {[%mdl 8192]} ({Black should try} 33... Re7 $1 $14) 34. Qb6 $18 {aiming for Qg6+.} Bxd5 35. Qg6+ {[%mdl 64] Double Attack. Av CentiPawn Loss W=-35/B=-90. Weighted=-41/-142} 1-0

[Event "Gaprindashvili Cup Open II Stage 2020"]
[Site "Online"]
[Date "2020.11.08"]
[Round "7.11"]
[White "Lomsadze, Davit"]
[Black "Morchiashvili, Bachana"]
[Result "1/2-1/2"]
[WhiteElo "2303"]
[BlackElo "2313"]
[Annotator "TA"]
[PlyCount "115"]
[EventDate "2020.11.04"]
[EventType "swiss"]
[SourceTitle "playchess.com"]
[Source "ChessBase"]
[SourceQuality "1"]

{[%evp 16,115,12,0,15,22,20,26,21,25,18,-32,-3,-35,0,0,139,129,137,123,143,132,173,157,152,158,151,16,125,123,120,118,118,59,109,53,35,9,96,0,0,0,0,0,0,0,30,0,0,0,72,74,70,0,0,-8,0,39,187,174,162,173,150,93,88,115,398,398,441,437,1074,407,169,0,0,0,0,0,0,0,0,0,0,0,0,0,0,0,0,0,0,0,0,0,0,0,0,0,0,0,0,0]} 1. Nf3 Nf6 2. g3 g6 3. Bg2 Bg7 4. O-O O-O 5. d3 d6 6. c4 Nc6 7. Nc3 e5 8. a3 h6 9. Bd2 Be6 {A26: English Opening vs King's Indian with ...Nc6 and d3.} 10. b4 a6 11. Rb1 Qd7 {White has an edge.} 12. Re1 Bh3 13. Bh1 {[#]} Rae8 $146 ({Predecessor:} 13... Rfe8 14. Qc1 Kh7 15. a4 Be6 16. b5 axb5 17. axb5 Ne7 18. Qc2 Bf5 19. Nh4 c6 20. bxc6 bxc6 21. Nxf5 Nxf5 {0-1 (30) Bosnjak,D-Koh,C Kemer 2009}) 14. Qb3 Ng4 15. b5 Nd4 (15... axb5 $11 16. cxb5 Nd8) 16. Nxd4 $16 exd4 {[#]} 17. Nd5 $1 axb5 18. cxb5 c6 19. Nf4 Ne5 20. bxc6 bxc6 21. Qb7 (21. Nxh3 $16 {Bg2 is the strong threat.} Qxh3 22. Bg2) 21... g5 (21... Qxb7 $11 22. Rxb7 Bf5) 22. Nxh3 Qxh3 23. Bg2 Qh5 24. h3 (24. Qc7 $16) 24... f5 25. f4 (25. Bxc6 $16 Nxc6 26. Qxc6) 25... gxf4 $14 26. Bxf4 Kh8 (26... d5 $11 {remains equal.}) 27. h4 ({Better is} 27. Bxc6 $16 Nxc6 28. Qxc6) 27... Rf7 $11 28. Qb4 Rfe7 29. Qd2 c5 30. a4 c4 31. a5 {Strongly threatening a6.} c3 32. Qc2 Ra7 (32... Ng4 $11 {keeps the balance.}) 33. Qa4 $16 Nd7 34. Bf3 (34. e3 $1 $14) 34... Qg6 $11 35. h5 $132 {[%mdl 2048] White puts up resistance} Qf7 36. Bxd6 Be5 ({Black should try} 36... Qe6 $14 37. Bf4 Be5) 37. Bxe5+ $18 Nxe5 38. Qxd4 Qg7 39. Qf4 (39. Kg2 $142) 39... Rxa5 $16 {And now ...c2 would win.} 40. Rb6 c2 $2 {[%mdl 8192] [#]} (40... Nxf3+ $16 {might work better.} 41. Qxf3 Rg8) 41. Rc1 $1 $18 Nxf3+ 42. exf3 Ra1 (42... Ra4 $142 43. Qxh6+ (43. Qxa4 Qxg3+ {[%mdl 64] Double Attack} 44. Kh1 Qxf3+ {[%mdl 64] Double Attack} 45. Kg1 Qe3+ {[%mdl 64] Double Attack} 46. Kh2 Qd2+ 47. Kg1 Qxc1+ 48. Kh2 Qd2+ 49. Kh3 Re3+ {[%mdl 64] Double Attack} 50. Kh4 Qh2#) (43. Rxh6+ Kg8 $14) 43... Qxh6 44. Rxh6+ Kg8 45. Rxc2 Rd8 46. Rg6+ Kh8) 43. Rxh6+ (43. Qxh6+ $142 Qxh6 44. Rxh6+ Kg7 45. Rg6+ (45. Rxa1 Kxh6 46. Kf2 Kxh5 $16) 45... Kf7 46. Rxa1) 43... Kg8 44. Rg6 $2 (44. Kh2 $18 {Intending Rxa1 and mate.} Rxc1 45. Qxc1) 44... Re1+ $1 $11 {The position is equal.} 45. Kg2 Raxc1 46. Rxg7+ Kxg7 {[%mdl 4096] Endgame KQ-KRR} 47. h6+ ({But not} 47. Qxf5 $2 Re2+ 48. Kh3 Rh1+ 49. Kg4 c1=Q $19) 47... Kh7 {( -> ...Re2+)} (47... Kg6 $5 48. Qd6+ $8 Kh5 49. g4+ {[%mdl 64] Decoy} fxg4 50. fxg4+ Kxg4 51. Qg6+ Kh4 52. Qf6+ Kg4 53. Qg6+ Kh4 54. Qf6+ Kh5 55. Qf5+ (55. h7 Rg1+ 56. Kh3 Rh1+ 57. Kg3 Rhg1+ 58. Kh3 Rh1+ 59. Kg3 Rhg1+ 60. Kh3 $11) 55... Kxh6 56. Qf6+ Kh7 57. Qf7+ Kh8 58. Qf8+ Kh7 59. Qf7+ Kh8 60. Qf8+ Kh7 61. Qf7+ $11) 48. Qxf5+ Kxh6 49. Qf6+ Kh7 50. Qf7+ Kh6 51. Qf6+ Kh7 52. Qf7+ Kh8 53. Qf8+ Kh7 54. Qf7+ Kh8 55. Qf8+ Kh7 56. Qf7+ Kh8 57. Qf8+ Kh7 58. Qf7+ {White really could win this.  NOTEXT-5218: White=0.29/Black=0.41} 1/2-1/2

[Event "Gaprindashvili Cup Open II Stage 2020"]
[Site "Online"]
[Date "2020.11.08"]
[Round "7.13"]
[White "Tsanatsqenishvili, Giorgi"]
[Black "Qalichava, Akaki"]
[Result "0-1"]
[WhiteElo "1631"]
[BlackElo "1877"]
[Annotator "NA RC"]
[PlyCount "70"]
[EventDate "2020.11.04"]
[EventType "swiss"]
[SourceTitle "playchess.com"]
[Source "ChessBase"]
[SourceQuality "1"]
[TimeControl "1500+5"]

1. e4 {[%emt 0:00:02]} c5 {[%emt 0:00:04]} 2. Nf3 {[%emt 0:00:02]} e6 {[%emt 0:00:03]} 3. d4 {[%emt 0:00:02]} cxd4 {[%emt 0:00:09]} 4. Nxd4 {[%emt 0:00:01]} a6 {[%emt 0:00:02]} 5. g3 {[%emt 0:00:02]} Qc7 {[%emt 0:00:19]} 6. Bg2 {[%emt 0:00:01]} Nc6 {[%emt 0:00:02]} 7. Nc3 {[%emt 0:00:03]} Nf6 {[%emt 0:00:04]} 8. O-O {[%emt 0:00:03]} h5 {[%emt 0:00:21]} 9. h3 {[%emt 0:00:03]} Nxd4 {[%emt 0:00:05]} 10. Qxd4 {[%emt 0:00:02]} Bc5 {[%emt 0:00:03]} 11. Qd3 {[%emt 0:00:10]} O-O {[%emt 0:00:38]} 12. Bf4 {[%emt 0:00:03]} d6 {[%emt 0:00:35]} 13. Rad1 {[%emt 0:00:36]} Ne8 {[%emt 0:01:55]} 14. a3 {[%emt 0:02:17]} Bd7 {[%emt 0:00:57]} 15. Qf3 {[%emt 0:01:45]} g6 {[%emt 0:07:19]} 16. Bh6 {[%emt 0:00:39]} Bc6 {[%emt 0:00:12]} 17. Bxf8 {[%emt 0:00:26]} Kxf8 {[%emt 0:00:04]} 18. g4 {[%emt 0:00:05]} hxg4 {[%emt 0:00:04]} 19. hxg4 {[%emt 0:00:08]} Qe7 {[%emt 0:00:36]} 20. Qf4 {[%emt 0:02:56]} g5 {[%emt 0:06:29]} 21. Qg3 {[%emt 0:01:41]} Kg7 {[%emt 0:00:47]} 22. Bf3 {[%emt 0:00:06]} Qf6 {[%emt 0:02:08]} 23. Kg2 {[%emt 0:00:13]} Nc7 {[%emt 0:00:10]} 24. Rd3 {[%emt 0:03:36]} e5 {[%emt 0:01:03]} 25. Rfd1 {[%emt 0:02:24]} Ne6 {[%emt 0:00:16]} 26. Kg1 {[%emt 0:02:29]} Nf4 {[%emt 0:01:08]} 27. R3d2 {[%emt 0:00:30]} Rh8 {[%emt 0:00:04]} 28. Bg2 {[%emt 0:00:11]} a5 {[%emt 0:01:34]} 29. Na2 {[%emt 0:01:08]} a4 {[%emt 0:00:03]} 30. Re1 {[%emt 0:00:26]} Rh4 {[%emt 0:00:03]} 31. Nb4 {[%emt 0:00:03]} Qe6 {[%emt 0:00:05]} 32. Kf1 {[%emt 0:01:11]} Rxg4 {[%emt 0:00:04]} 33. Bh3 {[%emt 0:01:19]} Nxh3 {[%emt 0:00:04]} 34. Qd3 {[%emt 0:00:08]} Rg1+ {[%emt 0:00:04]} 35. Ke2 {[%emt 0:00:03]} Nf4+ {[%emt 0:00:02]} 0-1

[Event "Gaprindashvili Cup Open II Stage 2020"]
[Site "Online"]
[Date "2020.11.08"]
[Round "7.14"]
[White "Safarov, Deniel"]
[Black "Kachkachishvili, Lasha"]
[Result "1-0"]
[WhiteElo "1720"]
[BlackElo "1681"]
[Annotator "NA RC"]
[PlyCount "103"]
[EventDate "2020.11.04"]
[EventType "swiss"]
[SourceTitle "playchess.com"]
[Source "ChessBase"]
[SourceQuality "1"]
[TimeControl "1500+5"]

1. e4 {[%emt 0:00:01]} c5 {[%emt 0:00:04]} 2. Nf3 {[%emt 0:00:03]} Nc6 {[%emt 0:00:01]} 3. d4 {[%emt 0:00:01]} cxd4 {[%emt 0:00:01]} 4. Nxd4 {[%emt 0:00:01]} e5 {[%emt 0:00:02]} 5. Nb5 {[%emt 0:00:02]} d6 {[%emt 0:00:04]} 6. N1c3 {[%emt 0:00:02]} a6 {[%emt 0:00:04]} 7. Na3 {[%emt 0:00:02]} Be6 {[%emt 0:00:01]} 8. Nc4 {[%emt 0:00:02]} b5 {[%emt 0:00:03]} 9. Ne3 {[%emt 0:00:01]} Nf6 {[%emt 0:00:01]} 10. Bd3 {[%emt 0:00:03]} g6 {[%emt 0:00:02]} 11. a4 {[%emt 0:00:12]} b4 {[%emt 0:00:05]} 12. Ncd5 {[%emt 0:01:14]} Bg7 {[%emt 0:00:05]} 13. O-O {[%emt 0:00:05]} O-O {[%emt 0:00:16]} 14. a5 {[%emt 0:01:32]} Bxd5 {[%emt 0:00:55]} 15. exd5 {[%emt 0:00:44]} Nxa5 {[%emt 0:01:12]} 16. Bd2 {[%emt 0:00:06]} Nb7 {[%emt 0:02:59]} 17. Bxb4 {[%emt 0:03:52]} a5 {[%emt 0:00:09]} 18. Bd2 {[%emt 0:00:19]} Nc5 {[%emt 0:00:26]} 19. Be2 {[%emt 0:00:03]} a4 {[%emt 0:01:28]} 20. Bb4 {[%emt 0:01:41]} Qb6 {[%emt 0:03:02]} 21. Ba3 {[%emt 0:00:08]} Nfd7 {[%emt 0:00:26]} 22. Nc4 {[%emt 0:02:25]} Qb8 {[%emt 0:00:25]} 23. Rb1 {[%emt 0:00:47]} f5 {[%emt 0:01:11]} 24. b4 {[%emt 0:00:18]} Ne4 {[%emt 0:02:39]} 25. Qe1 {[%emt 0:00:44]} Nb6 {[%emt 0:00:14]} 26. Na5 {[%emt 0:00:32]} Qc7 {[%emt 0:01:57]} 27. c4 {[%emt 0:00:27]} Nd7 {[%emt 0:01:55]} 28. Nc6 {[%emt 0:02:28]} Bh6 {[%emt 0:01:20]} 29. Rb2 {[%emt 0:00:53]} Nb8 {[%emt 0:01:11]} 30. b5 {[%emt 0:02:04]} Nd7 {[%emt 0:00:15]} 31. Bf3 {[%emt 0:01:07]} Nec5 {[%emt 0:00:22]} 32. b6 {[%emt 0:00:42]} Qb7 {[%emt 0:01:09]} 33. Rb5 {[%emt 0:00:33]} e4 {[%emt 0:00:24]} 34. Be2 {[%emt 0:00:10]} Bg7 {[%emt 0:00:37]} 35. Qb1 {[%emt 0:00:48]} f4 {[%emt 0:01:14]} 36. Bg4 {[%emt 0:00:45]} Ne5 {[%emt 0:01:12]} 37. Bxc5 {[%emt 0:00:06]} dxc5 {[%emt 0:00:06]} 38. Be6+ {[%emt 0:00:04]} Kh8 {[%emt 0:00:02]} 39. Qxe4 {[%emt 0:00:04]} Nd7 {[%emt 0:00:19]} 40. Bxd7 {[%emt 0:00:43]} Qxd7 {[%emt 0:00:02]} 41. b7 {[%emt 0:00:02]} Rae8 {[%emt 0:00:03]} 42. Qc2 {[%emt 0:00:04]} Qc7 {[%emt 0:00:12]} 43. Qxa4 {[%emt 0:00:20]} f3 {[%emt 0:00:01]} 44. b8=Q {[%emt 0:00:46]} Rxb8 {[%emt 0:00:03]} 45. Rxb8 {[%emt 0:00:03]} Rxb8 {[%emt 0:00:01]} 46. Nxb8 {[%emt 0:00:01]} Qxb8 {[%emt 0:00:02]} 47. gxf3 {[%emt 0:00:07]} Be5 {[%emt 0:00:03]} 48. Re1 {[%emt 0:00:04]} Bxh2+ {[%emt 0:00:03]} 49. Kg2 {[%emt 0:00:01]} Kg7 {[%emt 0:00:07]} 50. Qd7+ {[%emt 0:00:02]} Kf6 {[%emt 0:00:03]} 51. Re6+ {[%emt 0:00:21]} Kg5 {[%emt 0:00:02]} 52. Qe7+ {[%emt 0:00:08]} 1-0

[Event "Gaprindashvili Cup Open II Stage 2020"]
[Site "Online"]
[Date "2020.11.08"]
[Round "7.15"]
[White "Elashvili, Giorgi"]
[Black "Liponava, Zurab"]
[Result "1-0"]
[WhiteElo "1857"]
[BlackElo "1800"]
[Annotator "NA RC"]
[PlyCount "73"]
[EventDate "2020.11.04"]
[EventType "swiss"]
[SourceTitle "playchess.com"]
[Source "ChessBase"]
[SourceQuality "1"]
[TimeControl "1500+5"]

1. e4 {[%emt 0:02:02]} c5 {[%emt 0:00:06]} 2. Nf3 {[%emt 0:00:08]} a6 {[%emt 0:00:02]} 3. d4 {[%emt 0:00:19]} cxd4 {[%emt 0:00:03]} 4. Nxd4 {[%emt 0:00:01]} Nf6 {[%emt 0:00:03]} 5. Bd3 {[%emt 0:00:23]} e5 {[%emt 0:00:05]} 6. Nf3 {[%emt 0:00:14]} d5 {[%emt 0:00:05]} 7. exd5 {[%emt 0:03:34]} e4 {[%emt 0:01:39]} 8. Qe2 {[%emt 0:00:06]} Qxd5 {[%emt 0:01:52]} 9. Ng5 {[%emt 0:01:05]} Bb4+ {[%emt 0:01:14]} 10. Nc3 {[%emt 0:00:27]} O-O {[%emt 0:01:47]} 11. Ngxe4 {[%emt 0:01:41]} Bxc3+ {[%emt 0:05:23]} 12. bxc3 {[%emt 0:00:11]} Nxe4 {[%emt 0:01:32]} 13. Bxe4 {[%emt 0:00:04]} Qc5 {[%emt 0:00:13]} 14. O-O {[%emt 0:00:08]} Nc6 {[%emt 0:00:16]} 15. Rb1 {[%emt 0:00:52]} Na5 {[%emt 0:03:49]} 16. Be3 {[%emt 0:00:57]} Qxc3 {[%emt 0:00:32]} 17. Bd2 {[%emt 0:01:24]} Qc7 {[%emt 0:00:51]} 18. Bb4 {[%emt 0:02:02]} Be6 {[%emt 0:01:52]} 19. Bxf8 {[%emt 0:01:53]} Rxf8 {[%emt 0:00:07]} 20. a4 {[%emt 0:01:33]} g6 {[%emt 0:00:32]} 21. Qf3 {[%emt 0:01:21]} b6 {[%emt 0:00:29]} 22. Bd5 {[%emt 0:01:01]} Bf5 {[%emt 0:00:12]} 23. Rb2 {[%emt 0:00:45]} Re8 {[%emt 0:00:55]} 24. Rfb1 {[%emt 0:01:26]} h5 {[%emt 0:01:45]} 25. g3 {[%emt 0:00:38]} Bg4 {[%emt 0:00:12]} 26. Qf6 {[%emt 0:00:31]} Bf5 {[%emt 0:00:31]} 27. Qxb6 {[%emt 0:00:52]} Qc3 {[%emt 0:00:25]} 28. Qb4 {[%emt 0:00:35]} Qxb4 {[%emt 0:00:15]} 29. Rxb4 {[%emt 0:00:02]} Bxc2 {[%emt 0:00:02]} 30. Rc1 {[%emt 0:00:05]} Bd3 {[%emt 0:00:04]} 31. h4 {[%emt 0:00:21]} Re5 {[%emt 0:00:12]} 32. Rc5 {[%emt 0:00:12]} Nc6 {[%emt 0:00:03]} 33. Bxf7+ {[%emt 0:00:13]} Kxf7 {[%emt 0:00:03]} 34. Rxc6 {[%emt 0:00:01]} Re1+ {[%emt 0:00:03]} 35. Kh2 {[%emt 0:00:06]} Be4 {[%emt 0:00:03]} 36. Rb7+ {[%emt 0:00:10]} Ke8 {[%emt 0:00:23]} 37. Rc8# {[%emt 0:00:02]} 1-0

[Event "Gaprindashvili Cup Open II Stage 2020"]
[Site "Online"]
[Date "2020.11.08"]
[Round "7.16"]
[White "Gogolashvili, Giorgi"]
[Black "Tsereteli, Tornike"]
[Result "0-1"]
[WhiteElo "1448"]
[BlackElo "1765"]
[Annotator "NA RC"]
[PlyCount "90"]
[EventDate "2020.11.04"]
[EventType "swiss"]
[SourceTitle "playchess.com"]
[Source "ChessBase"]
[SourceQuality "1"]
[TimeControl "1500+5"]

1. e4 {[%emt 0:00:05]} Nf6 {[%emt 0:00:04]} 2. Nc3 {[%emt 0:00:03]} d5 {[%emt 0:00:03]} 3. exd5 {[%emt 0:00:06]} Nxd5 {[%emt 0:00:02]} 4. Bc4 {[%emt 0:00:01]} c6 {[%emt 0:00:04]} 5. d4 {[%emt 0:00:04]} Bf5 {[%emt 0:00:25]} 6. Nf3 {[%emt 0:00:03]} e6 {[%emt 0:00:06]} 7. O-O {[%emt 0:00:03]} Be7 {[%emt 0:00:16]} 8. Qe2 {[%emt 0:00:25]} O-O {[%emt 0:00:14]} 9. h3 {[%emt 0:00:22]} Bf6 {[%emt 0:00:15]} 10. Ne5 {[%emt 0:00:31]} Nb4 {[%emt 0:00:32]} 11. Be3 {[%emt 0:01:36]} Nxc2 {[%emt 0:00:50]} 12. Rad1 {[%emt 0:00:11]} Nxe3 {[%emt 0:00:05]} 13. fxe3 {[%emt 0:00:07]} Bxe5 {[%emt 0:00:03]} 14. dxe5 {[%emt 0:00:02]} Qc7 {[%emt 0:00:02]} 15. e4 {[%emt 0:00:11]} Bg6 {[%emt 0:00:04]} 16. Rd6 {[%emt 0:02:29]} Nd7 {[%emt 0:00:17]} 17. Rdd1 {[%emt 0:04:38]} Nxe5 {[%emt 0:00:17]} 18. Bb3 {[%emt 0:00:12]} Rad8 {[%emt 0:00:10]} 19. h4 {[%emt 0:00:18]} h5 {[%emt 0:00:06]} 20. g3 {[%emt 0:05:57]} Ng4 {[%emt 0:00:30]} 21. Qf3 {[%emt 0:00:58]} Rxd1 {[%emt 0:02:08]} 22. Nxd1 {[%emt 0:00:34]} Qe5 {[%emt 0:00:17]} 23. Nc3 {[%emt 0:00:42]} Rd8 {[%emt 0:00:40]} 24. Qf4 {[%emt 0:00:30]} Rd3 {[%emt 0:02:13]} 25. Qxe5 {[%emt 0:00:49]} Nxe5 {[%emt 0:00:03]} 26. Kg2 {[%emt 0:00:02]} Rd2+ {[%emt 0:00:10]} 27. Rf2 {[%emt 0:00:03]} Rxf2+ {[%emt 0:00:27]} 28. Kxf2 {[%emt 0:00:02]} Kf8 {[%emt 0:00:01]} 29. Ke3 {[%emt 0:00:15]} Ke7 {[%emt 0:00:08]} 30. Ne2 {[%emt 0:00:02]} Ng4+ {[%emt 0:00:23]} 31. Kf4 {[%emt 0:00:03]} e5+ {[%emt 0:00:27]} 32. Kf3 {[%emt 0:00:02]} f5 {[%emt 0:00:22]} 33. exf5 {[%emt 0:00:09]} Bxf5 {[%emt 0:00:02]} 34. Nc3 {[%emt 0:00:01]} Nf6 {[%emt 0:00:20]} 35. Ke3 {[%emt 0:00:10]} Kd6 {[%emt 0:00:07]} 36. Ne2 {[%emt 0:00:18]} Nd5+ {[%emt 0:00:09]} 37. Bxd5 {[%emt 0:00:09]} cxd5 {[%emt 0:00:03]} 38. b4 {[%emt 0:00:17]} d4+ {[%emt 0:00:07]} 39. Kd2 {[%emt 0:00:01]} Kd5 {[%emt 0:00:04]} 40. Nc1 {[%emt 0:00:05]} Kc4 {[%emt 0:00:06]} 41. a3 {[%emt 0:00:09]} e4 {[%emt 0:00:02]} 42. b5 {[%emt 0:00:06]} e3+ {[%emt 0:00:10]} 43. Ke2 {[%emt 0:00:02]} Bg4+ {[%emt 0:00:03]} 44. Ke1 {[%emt 0:00:05]} d3 {[%emt 0:00:02]} 45. Nxd3 {[%emt 0:00:10]} Kxd3 {[%emt 0:00:01]} 0-1

[Event "Gaprindashvili Cup Open II Stage 2020"]
[Site "Online"]
[Date "2020.11.08"]
[Round "7.18"]
[White "Chanturia, Lasha"]
[Black "Kupatadze, Tornike"]
[Result "0-1"]
[WhiteElo "1761"]
[BlackElo "1657"]
[Annotator "NA RC"]
[PlyCount "126"]
[EventDate "2020.11.04"]
[EventType "swiss"]
[SourceTitle "playchess.com"]
[Source "ChessBase"]
[SourceQuality "1"]
[TimeControl "1500+5"]

1. e4 {[%emt 0:05:14]} e6 {[%emt 0:00:08]} 2. d4 {[%emt 0:00:06]} d5 {[%emt 0:00:06]} 3. exd5 {[%emt 0:00:01]} exd5 {[%emt 0:00:02]} 4. Nf3 {[%emt 0:00:02]} Bd6 {[%emt 0:00:05]} 5. Be3 {[%emt 0:00:03]} Nf6 {[%emt 0:00:06]} 6. Nc3 {[%emt 0:00:03]} Nc6 {[%emt 0:00:12]} 7. Bd3 {[%emt 0:00:11]} Bg4 {[%emt 0:00:08]} 8. h3 {[%emt 0:00:02]} Bh5 {[%emt 0:00:09]} 9. g4 {[%emt 0:00:04]} Bg6 {[%emt 0:00:08]} 10. Bxg6 {[%emt 0:00:13]} hxg6 {[%emt 0:00:13]} 11. Qe2 {[%emt 0:00:03]} Be7 {[%emt 0:01:30]} 12. O-O-O {[%emt 0:00:03]} Qd7 {[%emt 0:00:10]} 13. Ne5 {[%emt 0:00:04]} Qe6 {[%emt 0:00:46]} 14. Nb5 {[%emt 0:01:00]} Bd6 {[%emt 0:01:34]} 15. Nxc6 {[%emt 0:00:13]} bxc6 {[%emt 0:00:04]} 16. Nxd6+ {[%emt 0:00:03]} cxd6 {[%emt 0:00:05]} 17. Qa6 {[%emt 0:00:34]} Qd7 {[%emt 0:00:15]} 18. f3 {[%emt 0:00:09]} O-O {[%emt 0:01:05]} 19. h4 {[%emt 0:00:07]} Rab8 {[%emt 0:00:40]} 20. b3 {[%emt 0:00:41]} Rb5 {[%emt 0:00:57]} 21. h5 {[%emt 0:00:40]} gxh5 {[%emt 0:00:10]} 22. gxh5 {[%emt 0:00:16]} Qf5 {[%emt 0:00:11]} 23. Rdf1 {[%emt 0:01:18]} Re8 {[%emt 0:00:36]} 24. Bd2 {[%emt 0:00:24]} Nxh5 {[%emt 0:02:10]} 25. Rhg1 {[%emt 0:00:42]} Nf4 {[%emt 0:00:26]} 26. Rg4 {[%emt 0:00:55]} Ng6 {[%emt 0:02:17]} 27. Qxc6 {[%emt 0:03:12]} Rc8 {[%emt 0:01:08]} 28. Rg5 {[%emt 0:00:08]} Rxc6 {[%emt 0:00:04]} 29. Rxf5 {[%emt 0:00:04]} Ne7 {[%emt 0:00:17]} 30. Rg5 {[%emt 0:00:13]} g6 {[%emt 0:00:27]} 31. Rfg1 {[%emt 0:00:30]} Rb8 {[%emt 0:00:30]} 32. Kb2 {[%emt 0:00:11]} Rbc8 {[%emt 0:01:29]} 33. c3 {[%emt 0:00:08]} Kg7 {[%emt 0:00:04]} 34. R5g2 {[%emt 0:00:27]} Nf5 {[%emt 0:00:19]} 35. Rh1 {[%emt 0:00:15]} Rh8 {[%emt 0:00:10]} 36. Rgh2 {[%emt 0:00:25]} Rxh2 {[%emt 0:00:12]} 37. Rxh2 {[%emt 0:00:06]} Rc8 {[%emt 0:00:02]} 38. Kc2 {[%emt 0:00:24]} Nxd4+ {[%emt 0:00:05]} 39. Kd3 {[%emt 0:00:56]} Nxf3 {[%emt 0:00:08]} 40. Bh6+ {[%emt 0:00:14]} Kg8 {[%emt 0:00:30]} 41. Rh3 {[%emt 0:00:31]} Ne5+ {[%emt 0:01:13]} 42. Kd4 {[%emt 0:00:06]} f6 {[%emt 0:03:23]} 43. Kxd5 {[%emt 0:01:05]} g5 {[%emt 0:00:15]} 44. Kxd6 {[%emt 0:00:11]} Kf7 {[%emt 0:00:03]} 45. c4 {[%emt 0:02:22]} Kg6 {[%emt 0:00:05]} 46. c5 {[%emt 0:01:14]} Nf7+ {[%emt 0:00:15]} 47. Kd7 {[%emt 0:00:04]} Rh8 {[%emt 0:00:15]} 48. c6 {[%emt 0:00:05]} Ne5+ {[%emt 0:00:28]} 49. Kd6 {[%emt 0:00:21]} Nxc6 {[%emt 0:00:08]} 50. Kxc6 {[%emt 0:00:52]} Rxh6 {[%emt 0:00:04]} 51. Rg3 {[%emt 0:00:11]} f5 {[%emt 0:00:10]} 52. b4 {[%emt 0:00:10]} f4 {[%emt 0:00:04]} 53. Rg1 {[%emt 0:00:04]} g4 {[%emt 0:00:09]} 54. Kb7 {[%emt 0:00:16]} Rh7+ {[%emt 0:00:03]} 55. Ka6 {[%emt 0:00:02]} g3 {[%emt 0:00:16]} 56. b5 {[%emt 0:00:08]} Kf5 {[%emt 0:00:06]} 57. a4 {[%emt 0:00:05]} Kg4 {[%emt 0:00:10]} 58. Rc1 {[%emt 0:00:15]} g2 {[%emt 0:00:08]} 59. a5 {[%emt 0:00:18]} f3 {[%emt 0:00:56]} 60. Rc4+ {[%emt 0:00:57]} Kg3 {[%emt 0:00:07]} 61. Rc1 {[%emt 0:00:13]} f2 {[%emt 0:00:07]} 62. Rd1 {[%emt 0:00:04]} g1=Q {[%emt 0:00:08]} 63. Rd3+ {[%emt 0:00:05]} Kg2 {[%emt 0:00:10]} 0-1

[Event "Gaprindashvili Cup Open II Stage 2020"]
[Site "Online"]
[Date "2020.11.08"]
[Round "8.2"]
[White "Akhvlediani, Irakli"]
[Black "Mchedlishvili, Mikheil"]
[Result "0-1"]
[WhiteElo "2355"]
[BlackElo "2570"]
[Annotator "TA"]
[PlyCount "74"]
[EventDate "2020.11.04"]
[EventType "swiss"]
[SourceTitle "playchess.com"]
[Source "ChessBase"]
[SourceQuality "1"]

{[%evp 17,74,15,23,4,21,24,32,29,34,0,0,0,0,0,0,0,0,-25,-25,-18,-29,-57,-35,-316,-318,-298,-309,-318,-307,-309,-274,-287,-296,-291,-287,-271,-276,-320,-306,-298,-287,-324,-324,-342,-333,-346,-342,-387,-383,-428,-415,-532,-571,-592,-593,-576,-554,-535,-518]} 1. d4 Nf6 2. c4 g6 3. Nf3 Bg7 4. g3 O-O 5. Bg2 d5 6. cxd5 Nxd5 7. O-O Nb6 8. Nc3 Nc6 9. e3 Re8 10. Nh4 {10.h3 gains popularity. D76: Fianchetto Grünfeld: Main Line with 7...Nb6.} a5 11. f4 a4 12. Rf2 {[#] White is slightly better.} Na5 $146 ({Predecessor:} 12... Bd7 13. Nf3 Qc8 14. Ne4 Rd8 15. Nc5 Be8 16. Qf1 e6 17. Bd2 Nd5 18. Qe1 b6 {1-0 (106) Grachev,B (2659)-Sivuk,V (2519) Loo 2014}) 13. Nxa4 Nxa4 14. Qxa4 Be6 $1 15. Qc2 Nb3 $1 {[%cal Rb3a1]} 16. Rb1 Rxa2 17. f5 (17. Bd2 {is more complex.} Bd5 18. Be1 c6 19. f5 Bxg2 20. Nxg2 Qd5 21. fxg6 hxg6 22. Nf4) 17... Bd5 18. fxg6 hxg6 19. Bxd5 Qxd5 20. Qxc7 $2 {[%mdl 8192] [#] Now White is beyond hope.} ({Better is} 20. Nf3 $15) 20... Nxd4 $1 $19 {[%mdl 512]} 21. exd4 Bxd4 22. Qc2 {[#]} Ra6 $1 23. Bf4 Bxf2+ 24. Kxf2 {[#]} g5 $1 25. Rd1 Qb5 26. Bxg5 Qxg5 27. Nf3 Qg6 28. Qxg6+ Rxg6 {[%mdl 4096] Endgame KRR-KRN} ({Don't play} 28... fxg6 29. Rd3 $19) 29. Rd3 Rb6 30. b3 Rc8 31. Ke3 Kg7 32. h4 Rc5 33. Nd4 Rd6 34. Ke4 {intending Nf5+.} f6 {Black is clearly winning.} 35. g4 Re5+ 36. Kf4 Kg6 37. h5+ Kh7 {Av CentiPawn Loss W=-23/B=-3. Weighted=-20/-5} 0-1